| 000 | 00983nam a2200301Ia 4500 | ||
|---|---|---|---|
| 003 | CO-BoRNBP | ||
| 005 | 20231002150611.0 | ||
| 008 | 141031s9999 xx 000 0 und d | ||
| 020 | _a9788437608358 | ||
| 040 |
_aCO-BoRNBP _bspa _erda _cCO-BoRNBP |
||
| 082 | 0 | 4 |
_222 _a823 B869u |
| 100 | 1 | 0 |
_aBrontë, Emily Jane _d1818-1848 _98399 |
| 245 | 1 | 0 |
_aCumbres Borrascosas _cEmily Brontë ; traducción de Rosa Castillo |
| 250 | _a12a ed. | ||
| 264 |
_aMadrid _bCátedra _c2012 |
||
| 300 |
_a468 páginas _c18 cm. |
||
| 336 |
_atexto _btxt _2rdacontent |
||
| 337 |
_asin mediación _bn _2rdamedia |
||
| 338 |
_avolumen _bnc _2rdacarrier |
||
| 490 | _aLetras universales ; número 119 | ||
| 650 | 1 | 4 |
_a Autores ingleses _2LEMB _94069 |
| 650 | 1 | 4 |
_a Literatura inglesa _2LEMB _92466 |
| 650 | 1 | 4 |
_a Novela inglesa _2LEMB _92467 |
| 650 | 1 | 4 |
_aAmor en la literatura _2LEMB _919114 |
| 700 | 1 | 0 |
_aKindelán, Paz _eeditor _919115 |
| 700 | 1 | 0 |
_aCastillo, Rosa _etraductor _919116 |
| 942 |
_2ddc _cBK |
||
| 999 |
_c781 _d781 |
||